00677nam a2200205Ia 450000500170000000800410001702000230005804000190008104100120010008200200011210000290013224501080016126000420026930000170031150400500032865000360037865100230041470000240043785000100046120230306120613.0131103s9999 xx 000 0 und d a1860646433cRs 295 aLoreto College aEnglish a822.33bSHA-BER aBerryman, John,1914-1972 aBerryman's Shakespeareb Essays, letters and other writings by John Berryman cEdited by John Haffenden aLondonbTauris Parke Paperbacksc2001 alxviii,401p  aIncludes bibliographical references and index aShakespeare, William, 1564-1616 aDrama, Shakespeare aHaffenden, John, ed aLCLIB